000 00603nam a2200181 i 4500
001 142275
003 ES-MaACL
005 20230906200501.0
007 t|
008 071004s1954 sp ||||1| spa d
080 _a9(467.1)"1713/49"
100 1 _aVila, Celedonio.
_9114687
245 1 0 _aAmor al rey y a la patria vinguda de Pere Juan Barceló dit Carrasclet, en Reus 1713-1749 /
_cCeldoni Vila.
260 _aReus :
_bAsociación de Estudios Reusenses,
_c1954.
300 _a187 p. :
_bil. ;
_c25 cm.
710 0 0 _aAsociación de Estudios Reusenses.
_91590
852 _aES-MaACL
_jC-8709
_bR.36242
999 _c142275
_d142275